000 00717nam a2200229Ia 4500
003 GCL
008 140319s9999 xx 000 0 ara d
040 _aGCL /
_cGCL
082 0 4 _a810.954
_bل ا
100 1 _aلطيفة الزيات
245 1 0 _aاضواء :
_bدراسات نقدية /
_cلطيفة الزيات
260 _aالقاهرة :
_bالهيئة المصرية العامة للكتاب ،
_c1995
300 _a265 ص ؛
_c20 سم
490 _a
650 0 4 _aالادب العربى
650 0 4 _aالقصص العربية
650 0 4 _aالنقد
650 0 4 _aالمقالات العربية
650 0 4 _aالمسرح العربى
650 0 4 _aتاريخ ونقد
942 _2ddc
_cBK
999 _c37633
_d37633